Longest Words in Carl's Spelling Bee - Statistics

General Stats
  • This quiz has been taken 1,037 times
  • The average score is 3 of 9
Answer Stats
Hint Answer % Correct
The chemical name for titin. Methionylthreonylthreonylglutaminylarginyltyrosylglutamylserylleucylphenylalanylalanylglutaminylleuc
60%
The 3rd longest place name on Earth. Chargoggagoggmanchauggagoggchaubunagungamaugg
46%
The disease cause by inhaling silica dust. Pneumonoultramicroscopicsilicovolcanoconiosis
46%
Maori place name in New Zealand. Guinness World Record for the longest place name in the world. Taumatawhakatangihangakoauauotamateaturipukakapikimaungahoronukupokaiwhenuakitanatahu
41%
The second longest place name in the world. Llanfairpwllgwyngyllgogerychwyrndrobwllllantysiliogogogoch
40%
In english translation is: Pertaining to the salty, calcium-rich, waxy, aluminum and copper-infused vitriolic waters. Aequeosalinocalcalinoceraceoaluminosocupreovitriolic
28%
A korean translatio n to english is The Beehive Village of Aekyung Valley, where rice cakes bloom and the angular paper door opens to nonsense. Aekyungjanggokgoeulbeoljipjangtteokbatbongnalgaranggakjibeollimun
24%
The longest word by Finnegans Wake. Bababadalgharaghtakamminnarronnkonnbronntonnerronntuonnthonntrovarrhounawnskawntoohoohoordenenthurnuk
13%
"Beef labeling supervision duties delegation law." Rindfleischetikettierungsuberwachungsaufgabenubetragungsgesetz
13%
No matching quizzes found
Score Distribution
Percent of People with Each Score
Percentile by Number Answered
Your Score History
You have not taken this quiz